| 000 | 00000cam 2200000zi 4500 |
| 001 | 9.963269 |
| 003 | CaOODSP |
| 005 | 20260603082338 |
| 006 | m o d f |
| 007 | cr |n||||||||| |
| 008 | 260603t19831983oncd ob f000 0 fre d |
| 020 | |z0660910977 |
| 040 | |aCaOODSP|bfre|erda|cCaOODSP |
| 041 | |afre|beng |
| 043 | |an-cn--- |
| 086 | 1 |aJS22-56/1983F-PDF|zJS22-56/1983F |
| 100 | 1 |aScarff, Elisabeth, |eauteur. |
| 245 | 12|aL'évaluation des mesures législatives canadiennes relatives au contrôle des armes à feu : |brapport final / |cpar Elisabeth Scarff. |
| 264 | 1|aOttawa : |bSolliciteur général Canada, Direction des programmes, Division de la recherche, |c[1983] |
| 264 | 4|c©1983 |
| 300 | |a1 ressource en ligne (xxvi, 223 pages) : |bgraphiques |
| 336 | |atexte|btxt|2rdacontent/fre |
| 337 | |ainformatique|bc|2rdamedia/fre |
| 338 | |aressource en ligne|bcr|2rdacarrier/fre |
| 500 | |aPublié aussi en anglais sous le titre : Evaluation of the Canadian gun control legislation : final report. |
| 500 | |aÉdition numérisée de l'imprimé [par Sécurité publique Canada]. |
| 504 | |aComprend des références bibliographiques. |
| 546 | |aComprend du texte en anglais. |
| 650 | 6|aArmes à feu|xDroit|zCanada. |
| 650 | 6|aArmes à feu|xContrôle|zCanada. |
| 710 | 1 |aCanada. |bSolliciteur général Canada.|bDirection des programmes, |eorganisme de publication. |
| 710 | 1 |aCanada.|bSolliciteur général Canada.|bDivision de la recherche, |eorganisme de publication. |
| 775 | 08|tEvaluation of the Canadian gun control legislation : |w(CaOODSP)9.963268 |
| 856 | 40|qPDF|s2.71 Mo|uhttps://publications.gc.ca/collections/collection_2026/sp-ps/JS22-56-1983-fra.pdf |